[Event "Isola di Capo Rizzuto op"]
[Site "Isola di Capo Rizzuto"]
[Date "2014.07.10"]
[Round "4"]
[White "Galardo, Emanuele"]
[Black "Crugliano, Pasquale"]
[Result "0-1"]
[WhiteElo "1423"]
[BlackElo "1437"]
[PlyCount "56"]
[EventDate "2014.07.07"]
[EventType "swiss"]
[EventRounds "7"]
[EventCountry "ITA"]
[SourceTitle "EXT 2024"]
[Source "ChessBase"]
[SourceDate "2023.10.10"]
[SourceVersion "1"]
[SourceVersionDate "2023.10.10"]
[SourceQuality "1"]

1. e4 e6 2. d4 d5 3. exd5 Qxd5 4. Nc3 Bb4 5. Qd3 Bxc3+ 6. Qxc3 Qe4+ 7. Be3 Qc6 8. Qxc6+ Nxc6 9. Bb5 Bd7 10. Bxc6 Bxc6 11. Nf3 Nf6 12. 0-0-0 0-0-0 13. Bf4 Ne4 14. Rhf1 Bb5 15. Be3 Bxf1 16. Rxf1 Rhe8 17. Nd2 Nxd2 18. Kxd2 e5 19. c3 c5 20. Kd3 Re6 21. Kc4 cxd4 22. cxd4 Rc6+ 23. Kb3 Rd5 24. dxe5 Rb5+ 25. Ka4 Rxe5 26. b4 Rc3 27. Bd4 b5+ 28. Ka5 Ra3# 0-1